00749nam a2200181 a 450000100100000000500170001000800410002704000250006808200150009324501600010826000650026830000200033370000390035370000360039204900090042895201130043799900170055000002581420200930024053.0110217s1992 is r 000 | spa d aDO-SdBNPbspacBNPHU axxxbS618r10aSion :brebelion y cumplimiento : dos capitulos del manuscrito inedito de Enrique Fabregat /cedición José Luis Najenson; introducción Netanel Lorch. aJerusalem :bInstituto Cultural Israel-Ibero America,c1992. a98 p. ;c20 cm.1 aNajenson, José Luis,eed.9526401 aLorch, Netanel,eintrod.952641 aBNGR 001050718MOaGRbGRcCTd2011-02-22iLF1l0oxxx S618rp25814-10r2020-06-25w2020-06-25y1ZNo se presta c25306d25306